000
00357nam a2200169Ia 4500
100
_a
Tomasi/Wayne
650
_a
Communication
250
_a
5
942
_c
BK
366
_f
25
245
_a
Electronic Communication Systems
260
_b
Pearson Education
_c
2009
082
_a
621.382
_b
TOM
300
_a
1115
546
_a
ENGLISH
_c
TTL
999
_c
26968
_d
26968